000 02523cam a22005054i 4500
003 PE-LiUPU
005 20250731184604.0
008 150616s r 000 0 d
035 _a(Sirsi) a5413
040 _aPE-LiUPU
_bspa
_cPE-LiUPU
_erda
049 _aPRUA
082 0 4 _a985.012
_bH63
_221
100 1 _aHocquenghem, Anne Marie,
_eautor.
245 1 0 _aIconografía mochica /
_cAnne Marie Hocquenghem.
250 _a2a
264 1 _aLima :
_bFondo Editorial de la Pontificia Universidad Católica del Perú,
_c1987.
300 _a280 páginas :
_bilustraciones dibjs., íconos ;
_c21 cm.
336 _atext
_2rdacontent
337 _aunmediated
_2rdamedia
338 _avolume
_2rdacarrier
504 _aIncluye bibliografía.
505 0 _aEl calendario ceremonial andino: -La instauración del orden. Equinoccio de la estación seca -- La expiación. Pasaje del sol por el cenit -- La invocación. Solsticio de verano -- La propiciación del mundo doméstico -- El sacrificio. Pasaje del sol por el cenit -- La inversión del orden. Equinoccio de la estación húmeda -- La reestructuración. Pasaje del sol por el nadir -- El legado de los antepasados. Desaparición de las pléyades -- La reproducción. Reaparición de las pléyades y solsticio de invierno -- La propiciación del mundo salvaje -- El sacrificio. Pasaje del sol por el nadir. Pensamiento andino: -Metonimia sobre metáfora -- El ají -- Los colmillos y las serpientes: la autoridad absoluta de los ancestros -- La belleza del "ciervo-serpiente-jaguar".
526 _aP136
526 _aP135
526 _aP134
526 _aP133
526 _aP144
526 _aP143
526 _aP87
526 _aP35
526 _aP20
526 _aP14
526 _aP10
526 _aP06
650 0 4 _aCerámica peruana (Mochica).
910 _ajck
_bjvq
_cjck
942 _2ddc
_cBOOK
949 _a985.012 H63
_wDEWEY
_c1
_i30447
_lCCODEBUL1
_mBUL
_p00.00
_r0
_sY
_tBOOK
_u19890530
_xEDUCACION
_PP20
_0COMPRA
_o.STAFF. Colección General
994 _aC0
_bPEPRU
596 _a1
999 _a985.012 H63
_wDEWEY
_c56439
_i30447
_f2021-11-12
_g5
_lCCODEBUL1
_mBUL
_r0
_sY
_tBOOK
_u2015-6-16
_xTEOLOGIA
_PP20
_0COMPRA
_o.STAFF. Colección General
_d56439
999 _a985.012 H63
_wDEWEY
_c2
_i75260
_f2021-11-8
_g5
_lCCODEBUL1
_mBUL
_r0
_sY
_tBOOK
_u2016-10-17
_xBIBLIOTECA
_zUNKNOWN
_0COMPRA
_o.STAFF. Colección FACIHED
980 _81
_gALBERTO SANCHEZ Responsable de Automatización